Partial differential equations II : (Record no. 1430804)

MARC details
000 -LEADER
fixed length control field 00597nam a2200205Ia 4500
005 - DATE AND TIME OF LATEST TRANSACTION
control field 20250729161432.0
008 - FIXED-LENGTH DATA ELEMENTS--GENERAL INFORMATION
fixed length control field 008 250516s9999 xx 000 0 eng d
020 ## - INTERNATIONAL STANDARD BOOK NUMBER
International Standard Book Number 9783031336997
040 ## - CATALOGING SOURCE
Language of cataloging eng
Transcribing agency SDCL
041 ## - LANGUAGE CODE
Language code of text/sound track or separate title eng
Source of code eng
084 ## - COLON CLASSIFICATION NUMBER
Classification number B334 R3.2
100 ## - MAIN ENTRY--PERSONAL NAME
Personal name Taylor, Michael E.
245 #0 - TITLE STATEMENT
Title Partial differential equations II :
Remainder of title Qualitative studies of linear equations
250 ## - EDITION STATEMENT
Edition statement 3rd ed.
260 ## - PUBLICATION, DISTRIBUTION, ETC.
Place of publication, distribution, etc. Switzerland :
Name of publisher, distributor, etc. Springer,
Date of publication, distribution, etc. 2023.
300 ## - PHYSICAL DESCRIPTION
Extent xxiii, 687p.
490 ## - SERIES STATEMENT
Series statement Applied mathematical sciences
650 ## - SUBJECT ADDED ENTRY--TOPICAL TERM
Topical term or geographic name entry element Mathematics
942 ## - ADDED ENTRY ELEMENTS (KOHA)
Koha item type Textual
Source of classification or shelving scheme Colon Classification (CC)
100 ## - MAIN ENTRY--PERSONAL NAME
-- 816855
650 ## - SUBJECT ADDED ENTRY--TOPICAL TERM
-- 816856
999 ## -
-- 1430804
-- 1430804
Holdings
Withdrawn status Lost status Source of classification or shelving scheme Damaged status Not for loan Home library Current library Date acquired Source of acquisition Serial enumeration / chronology Inventory number Total checkouts Full call number Barcode Date last seen Price effective from Koha item type
    Colon Classification (CC)     South Campus Library South Campus Library 2025-05-22 Gift Volume 2 Gift   B334 R3.2 SC1439641 2025-05-22 2025-05-22 Textual
Copyright @ Delhi University Library System